000
00305nam a2200121Ia 4500
008
191201s2013 xx 000 0 und d
100
_a
BHURCHANDI, K M and RAY, A K
245
0
_a
Advanced Microprocessor and Peripherals
260
_b
TMH
_c
2013
300
_a
692
650
_a
B.Tech(ECE)
942
_2
ddc
_c
BK
999
_c
6908
_d
6908